| 000 | 00573nam a2200205 u 4500 | ||
|---|---|---|---|
| 005 | 20231101063711.0 | ||
| 008 | 170530s2015 r 000 0 eng d | ||
| 020 | _a9786070273513 | ||
| 035 | _aUPN01000218260 | ||
| 049 | _aCG | ||
| 050 | 4 |
_aPQ7298.423 A8.2 _bN8.3 |
|
| 100 | 1 |
_aMata Sandoval, Rodolfo, _d1960- _940803 |
|
| 245 | 1 | 0 |
_aNuestro nombre / _cRodolfo Mata. |
| 260 |
_aMéxico : _bUNAM, _c2015. |
||
| 300 | _a77 p. | ||
| 440 | 0 |
_aTextos de difusión cultural. _pPresente perpetuo |
|
| 650 | 4 |
_aPoesía mexicana _91273 |
|
| 905 | _aLibro | ||
| 999 |
_c190360 _d190360 |
||